Statistics for Islands belonging to France

Click here to take the quiz!

General Stats

  • This quiz has been taken 31 times
  • The average score is 5 of 9

Answer Stats

HintAnswer% Correct
West IndiesGuadeloupe
88%
Indian OceanReunion
88%
West IndiesMartinique
81%
Indian OceanMayotte
58%
South PacificNew Caledonia
54%
South PacificWallis
54%
South PacificFutuna
50%
South PacificFrench Polynesia
46%
East PacificClipper ton
12%

Score Distribution

Percentile by Number Answered

Percent of People with Each Score

Your Score History

You have not taken this quiz